Statistics for Cuba Quiz

Click here to take the quiz!

General Stats

  • This quiz has been taken 65 times
  • The average score is 11 of 18

Answer Stats

Hint Answer % Correct
CapitalHavana
96%
LanguageSpanish
89%
PresidentRaul Castro
89%
CurrencyPeso
87%
President Until 2006Fidel Castro
85%
ContinentNorth America
84%
Independence from _____Spain
84%
Another Dependency by ______United States
67%
Sea/Gulf/BayCaribbean Sea
62%
Year of Independence1902
58%
Official NameRepublic of Cuba
55%
Year of Independence from ^1898
51%
DemonymCuban
51%
Other CitySantiago De Cuba
47%
Origin of Name (Language)Taino
18%
FounderChristopher Columbus
16%
National AnthemLa Bayamesa
11%
Vice PresidentMiguel Diaz-Canel
2%

Score Distribution

Percentile by Number Answered

Percent of People with Each Score

Your Score History

You have not taken this quiz